ARRUPE JESUIT UNIVERSITY

CORONAVIRUS -STOP THE SPREAD - CLEAN,DISINFECT,COVER
Normal view MARC view

Entry Personal Name

Number of records used in: 1

001 - CONTROL NUMBER

  • control field: 44643

003 - CONTROL NUMBER IDENTIFIER

  • control field: ARRUPE

005 - DATE AND TIME OF LATEST TRANSACTION

  • control field: 20190214093441.0

008 - FIXED-LENGTH DATA ELEMENTS

  • fixed length control field: 190214|| aca||aabn | a|a d

040 ## - CATALOGING SOURCE

  • Original cataloging agency: ARRUPE
  • Transcribing agency: ARRUPE

100 ## - HEADING--PERSONAL NAME

  • Personal name: Jesus Christ
  • General subdivision: Biography
  • General subdivision: Passion Week.

670 ## - SOURCE DATA FOUND

  • Source citation: Work cat.: (ARRUPE)0: Wilkinson, John, 1929- 44642, Jerusalem as Jesus knew it :, c1978.

 

Arrupe Library. PO Box MP320 Mt Pleasant, Harare, Zimbabwe
263 242 745411|librarian@aju.ac.zw